00519nam a22001457a 4500003000500000038001800005082000800023100001700031245012500048264003500173300002400208650005000232700003300282856005800315NUST aNusrat Nadeem a200 aAbad, Bushra aGamified learning in the Metaverse: Enhancing school-student’s Conceptual grasp of Mathematical topics/cBushra Abad,  aIslamabad;bSEECS NUST;c2024. a65,p;bill;c30,cm. aMS- Innovative Technologies in Learning (ITL) aSupervisor: Dr. Arham Muslim u http://10.250.8.41:8080/xmlui/handle/123456789/45717